| Поле | Название | Значение |
| |
Тип записи |
a |
| |
Библиографический уровень |
m |
| 001 |
Контрольный номер |
RU\infra-m\znanium\bibl\2225878 |
| 005 |
Дата корректировки |
20260429142111.7 |
| 008 |
Кодируемые данные |
250910s2025 RU g rus u |
| 020 |
Индекс ISBN |
__ |
| a |
ISBN |
978-5-9729-2208-6 |
| 040 |
Источник каталогиз. |
__ |
| a |
Служба первич. каталог. |
Общество с ограниченной ответственностью «ЗНАНИУМ» |
| 041 |
Код языка издания |
__ |
| a |
Код языка текста |
rus |
| 044 |
Код страны публикации |
__ |
| a |
Код страны публикации |
RU |
| 080 |
Индекс УДК |
__ |
| a |
Индекс УДК |
551 |
| 084 |
Индекс другой классификации/Индекс ББК |
__ |
| 2 |
Источник индекса |
rubbk |
| a |
Индекс другой классификации/Индекс ББК |
263 |
| 084 |
Индекс другой классификации/Индекс ББК |
__ |
| 2 |
Источник индекса |
okso |
| a |
Индекс другой классификации/Индекс ББК |
05.03.01 |
| 100 |
Автор |
__ |
| a |
Автор |
Фисун Н.В. |
| q |
Полное имя |
Фисун Наталья Валентиновна |
| u |
Дополнение |
Российский государственный геологоразведочный университет имени Серго Орджоникидзе |
| 245 |
Заглавие |
__ |
| a |
Заглавие |
Динамика подземных вод. Основы теории и практический опыт |
| b |
Продолж. заглавия |
Учебно-методическая литература |
| c |
Ответственность |
Российский государственный геологоразведочный университет имени Серго Орджоникидзе |
| 250 |
Сведения об издании |
__ |
| a |
Основные сведения об издании |
1 |
| 260 |
Выходные данные |
__ |
| a |
Место издания |
Вологда |
| b |
Издательство |
Инфра-Инженерия |
| c |
Дата издания |
2025 |
| 300 |
Физическое описание |
__ |
| a |
Объем |
180 с. |
| 520 |
Аннотация |
__ |
| a |
Аннотация |
Изложены теоретические основы динамики подземных вод представленные с позиций системного подхода при котором реальные гидрогеологические объекты рассматриваются как гидрогеодинамические системы формирующиеся под влиянием природных и техногенных факторов. В связи с этим большое внимание уделено вопросам схематизации реальных гидрогеологических объектов позволяющих создавать математическую модель гидрогеодинамической системы и использовать математический аппарат для решения конкретных гидрогеологических задач. Рассмотрены примеры схематизации сложных гидрогеологических условий реальных действующих объектов из опыта исследований автора. Для студентов геологоразведочных вузов при освоении дисциплины «Динамика подземных вод». Может быть использовано в инженерной практике при решении гидрогеологических задач. |
| 521 |
Примеч. о цел. назн. |
__ |
| a |
Примеч. о целев. назн. |
ВО - Бакалавриат |
| 650 |
Тематические рубрики |
__ |
| a |
Основная рубрика |
Науки о Земле. Экология |
| x |
Основная подрубрика |
Инженерная геология |
| 655 |
Указ. предметных рубрик (устаревшее) |
__ |
| a |
Жанр/ форма (устаревшее) |
Учебно-методическая литература |
| 856 |
Электронный адрес документа |
4_ |
| a |
Имя сервера/домена |
znanium.ru |
| m |
Помощь |
ebs_support@infra-m.ru |
| n |
Местонахождение сервера |
НИЦ ИНФРА-М |
| u |
URL |
https://znanium.ru/catalog/document?id=469494 |
| 856 |
Электронный адрес документа |
48 |
| a |
Имя сервера/домена |
znanium.ru |
| d |
Путь |
/cover/2225 |
| f |
Электронное имя |
2225878.jpg |
| q |
Тип электронного формата |
image/jpeg |
| u |
URL |
https://znanium.ru/cover/2225/2225878.jpg |
| 911 |
|
__ |
| u |
|
0030=https://znanium.ru/catalog/document?id=469494 |